| 000 | 00586nam a2200193Ia 4500 | ||
|---|---|---|---|
| 003 | GCL | ||
| 008 | 140319s9999 xx 000 0 ara d | ||
| 040 |
_aGCL / _cGCL |
||
| 082 | 0 | 4 |
_a258.2 _bج د |
| 100 | 1 | _aالجكنى , محمد حبيب الله | |
| 245 | 1 | 0 |
_aدليل السالك الى موطا الامام مالك / _cالجكنى , محمد حبيب الله |
| 260 |
_a[S.N] : _bدار الكتب المصرية |
||
| 300 | _a216 ص | ||
| 490 | _a | ||
| 650 | 0 | 4 | _aالاسلام |
| 650 | 0 | 4 | _aالفقه الاسلامى |
| 650 | 0 | 4 | _aالدين |
| 942 |
_2ddc _cBK |
||
| 999 |
_c58710 _d58710 |
||